000 00701nam a2200217Ia 4500
001 8423
003 GE_BSU
008 181216s||||||||xx |||||||||||||| ||und||
040 _cGE_BSU
080 _a821.353.1-11
100 _aვაჟა-ფშაველა
245 _aთხზულებათა სრული კრებული. ტ.3 პოემები
245 _b10 ტომად
245 _cსარედ. კოლეგ. გ. ლეონიძე
260 _aთბილისი
260 _bსაბჭოთა საქართველო
260 _c1964
300 _a505გვ.22სმ.ილ.
653 _aპოემები
942 _cBK
999 _c41742
_d41742